000 00541nam a2200181Ia 4500
008 151202s9999||||xx |||||||||||||| ||und||
082 _bPNVM-53908
100 _aभावे पु.भा.
245 _aपहिला पाऊस.
260 _b"मेनका प्रकाशन,पुणे."
260 _c1987
300 _a132
600 _aभावे पु.भा.
630 _aपहिला पाऊस.
700 _aभावे पु.भा.
730 _aपहिला पाऊस.
942 _cBOOK
999 _c1320447
_d1320444